| 000 | 00752nam a2200253 a 4500 | ||
|---|---|---|---|
| 001 | 000035777 | ||
| 003 | OSt | ||
| 005 | 20250723150125.0 | ||
| 006 | a|||||r|||| 00| pd | ||
| 008 | 111110s2011 dr ac 001 p spa d | ||
| 020 | _a9789945475128 | ||
| 040 |
_aDO-SdBNP _bspa _cBNPHU |
||
| 049 | _aBNPD | ||
| 082 |
_aRD868.44 _bE18p |
||
| 100 | 1 |
_aEchavarría, Rubén, _d1936-2010 _961723 |
|
| 245 | 1 | 3 |
_aEl poder de la creación / _cRubén Echavarría. |
| 260 |
_aSanto Domingo : _bEdiciones Ferilibro, _c2011. |
||
| 300 |
_a145 p. : _bil., retr. ; _c25 cm. |
||
| 650 | 0 |
_aProsa dominicana _912146 |
|
| 650 | 4 |
_aPintura dominicana _91858 |
|
| 650 | 0 |
_aLiteratura dominicana. _967 |
|
| 910 | _aValidado. Control de calidad EMS. | ||
| 942 |
_2ddc _cLBS1 |
||
| 999 |
_c35268 _d35268 |
||